| 000 | 01072nam a2200325Ia 4500 | ||
|---|---|---|---|
| 001 | Z_6416 | ||
| 003 | CHAP | ||
| 008 | 220113s2010 xx 000 0 und d | ||
| 010 | _a169674 | ||
| 020 | _a978-607-422-089-6 | ||
| 040 | _cCHAP | ||
| 082 | _a589.2 H66 | ||
| 245 |
_aLos hongos comestibles del nevado de Toluca / _ccompiladores Sergio Franco Maass y Cristina Burrola Aguilar |
||
| 260 |
_aMéxico : _bUniversidad Autónoma del Estado de México :, _bInstituto de Ciencias Agropecuarias y Rurales (ICAR), _c2010 |
||
| 300 | _a147 p. | ||
| 503 | _aej.1: donación | ||
| 504 | _aBibliografía: p. 143 - 147, Incluye índice de fotografías | ||
| 650 |
_aHongos _956084 |
||
| 650 |
_aHongos _x _x Identificación _9144716 |
||
| 650 |
_aHongos _x _x Mexico _x _x Toluca _x _x Identificacion _9144717 |
||
| 650 |
_aHongos comestibles _956124 |
||
| 700 |
_a Burrola Aguilar, Cristina, comp. _9144718 |
||
| 700 |
_aFranco Maass, Sergio, comp. _9144719 |
||
| 901 | _a589.2 H66 | ||
| 902 | _aA | ||
| 910 | _a2010 | ||
| 942 | _c1 | ||
| 942 | _cc1 | ||
| 999 |
_c169674 _d169674 |
||